000 00839cam a22002531 4500
001 30625
003 BD-RjUL
005 20211209051607.0
008 140410s1965 ne ab b 001 0 eng d
035 _a(BD-RjUL)30711
035 _a(OCoLC)264409
040 _aDLC
_cODaWU
_dOCoLC
_dDLC
_dBD-RjUL
_beng
041 _aeng
082 _a 301
_bHEC 1965
100 1 _aHess, Albert G.
_993047
245 1 0 _aChasing the dragon :
_ba report on drug addiction in Hong Kong /
_cby Albert C. Hess.
260 _aAmsterdam :
_bNorth-Holland Pub. Co. [Sole distributors in the U.S.: Free Press, New York]
_c1965.
300 _a182 p. :
_billus., map. ;
_c23 cm.
504 _aBibliography: p. [173]-177. and Index
650 0 _aDrug addiction
_zChina
_zHong Kong.
_993048
942 _2ddc
_cBK
999 _c30625
_d30625